[Event "BEL-chT9697"]
[Site "BEL"]
[Date "1997.??.??"]
[Round "5"]
[White "Krijgelmans, Johan"]
[Black "Lane, Gary W"]
[Result "0-1"]
[WhiteElo "2270"]
[BlackElo "2405"]

1.d4 f5 2.Nf3 Nf6 3.g3 g6 4.Bg2 Bg7 5.O-O O-O 6.c4 d6 7.b3 Nc6 8.Bb2 Ng4
9.h3 Nh6 10.Nc3 f4 11.gxf4 Rxf4 12.Nd5 Rf8 13.Qd2 e6 14.Nf4 Qf6 15.e3 Nf7  0-1

[Event "BEL-chT9697"]
[Site "BEL"]
[Date "1997.??.??"]
[Round "5"]
[White "Vanderstricht, Geert"]
[Black "Thirion, Marcel"]
[Result "1/2-1/2"]
[WhiteElo "2205"]
[BlackElo "2220"]

1.d4 f5 2.g3 Nf6 3.Bg2 g6 4.Nf3 Bg7 5.O-O O-O 6.c4 d6 7.Nc3 Nc6 8.d5 Na5
9.Qd3 c5 10.Bd2 Rb8 11.Rae1 b6 12.b3 a6 13.e4 Ng4 14.Ng5 h6 15.Ne6 Bxe6 16.dxe6 Ne5
17.Qb1 b5 18.cxb5 axb5 19.exf5 gxf5 20.h3 c4 21.b4 Nac6 22.Bxc6 Nxc6 23.Nd5 Ne5
24.Re3 Nd3 25.Rxd3 cxd3 26.Qxd3 Rb7 27.Rc1 Qa8 28.a3  1/2-1/2

[Event "Berliner Sommer"]
[Site "Berlin"]
[Date "1997.??.??"]
[Round "8"]
[White "Chuchelov, Vladimir"]
[Black "Renner, Christoph"]
[Result "1-0"]
[WhiteElo "2540"]
[BlackElo "2445"]

1.d4 f5 2.g3 Nf6 3.Bg2 g6 4.Nf3 Bg7 5.O-O O-O 6.c4 d6 7.Nc3 c6 8.d5 e5 9.dxe6 Bxe6
10.Qd3 Re8 11.Ng5 Nbd7 12.b3 Nc5 13.Qc2 Bd7 14.Bf4 Nh5 15.Bxd6 Na6 16.Bf4 Nxf4
17.gxf4 Qa5 18.Rac1 Nb4 19.Qd2 Rad8 20.Rfd1 Bc8 21.Nd5 cxd5 22.Bxd5+ Rxd5
23.cxd5 Rd8 24.Rc4 h6 25.Rdc1 Bd7 26.Qxb4 Qxb4 27.Rxb4 hxg5 28.Rxb7 Bd4 29.fxg5 Kf8
30.e3 Bb6 31.a4 Be8 32.h4 Rxd5 33.Rc8 Re5 34.h5 f4 35.exf4 Re1+ 36.Kg2 gxh5
37.f5 Re2 38.f6 Rxf2+ 39.Kg3 Rf5 40.Re7  1-0

[Event "Biel op MTO"]
[Site "Biel"]
[Date "1997.??.??"]
[Round "4"]
[White "Rieke, Theo"]
[Black "Miton, Kamil"]
[Result "1/2-1/2"]
[WhiteElo "2215"]
[BlackElo "2350"]

1.Nf3 f5 2.g3 g6 3.Bg2 Bg7 4.d4 Nf6 5.O-O O-O 6.c4 d6 7.Nc3 Nc6 8.d5 Ne5
9.Nxe5 dxe5 10.Qb3 h6 11.Rd1 g5 12.c5 Kh8 13.Qb4 e4 14.f3 exf3 15.exf3 e5
16.dxe6 Qe7 17.f4 g4 18.Be3 c6 19.Bd4 Bxe6 20.Be5 Qf7 21.Rd6 Rfe8 22.Qd4 Qe7
23.b3 h5 24.Rd1 Rac8 25.Bf1 Nd5 26.Bd3 Kg8 27.Re1 Nxc3 28.Qxc3 Bd5 29.Re2  1/2-1/2

[Event "Bled op18th"]
[Site "Bled"]
[Date "1997.??.??"]
[Round "1"]
[White "Delchev, Aleksander"]
[Black "Zelic, Mladen"]
[Result "1/2-1/2"]
[WhiteElo "2515"]
[BlackElo "2275"]

1.Nf3 f5 2.g3 Nf6 3.Bg2 g6 4.O-O Bg7 5.d4 O-O 6.c4 d6 7.Nc3 Nc6 8.d5 Ne5
9.Nxe5 dxe5 10.e4 f4 11.gxf4 Nh5 12.fxe5 Bxe5 13.Ne2 Qd6 14.f4 Bxf4 15.Nxf4 Nxf4
16.Bxf4 Rxf4 17.Rxf4 Qxf4 18.Qd4 e5 19.Qc5 b6 20.Qc6 Qe3+ 21.Kh1 Bh3 22.Qxa8+ Kg7
23.Bxh3 Qxh3 24.Re1 Qh4 25.Re2 Qg4 26.Qe8 Qxe2 27.Qxe5+ Kg8 28.Qe8+ Kg7 29.Qe7+ Kh6
30.Qh4+ Kg7 31.Qf4 Qxc4 32.Kg2 Kg8 33.Kg3 Qe2 34.Qe5 Qe3+ 35.Kh4 h5 36.Qxc7 Qxe4+
37.Kg5 Qxd5+ 38.Kh6 Qd4 39.Qb8+ Kf7 40.Qxa7+ Ke6 41.Kxg6 Qg1+ 42.Kh7 Qb1+
43.Kh6 Qxb2 44.Qb8 Qf6+ 45.Kxh5 Qf5+ 46.Kh4 Qe4+ 47.Kh3 Qf5+ 48.Kg3  1/2-1/2

[Event "Bled op18th"]
[Site "Bled"]
[Date "1997.??.??"]
[Round "2"]
[White "Lipinsky, Fabian"]
[Black "Lyell, Mark"]
[Result "1-0"]
[WhiteElo "2290"]
[BlackElo "2225"]

1.d4 f5 2.c4 Nf6 3.g3 g6 4.Bg2 Bg7 5.Nf3 O-O 6.O-O d6 7.Nc3 Qe8 8.d5 a5 9.Rb1 Na6
10.b3 Bd7 11.Bb2 c6 12.dxc6 bxc6 13.Na4 Rb8 14.c5 d5 15.Be5 Rd8 16.Qe1 Ne4
17.Qxa5 Bc8 18.Rbd1 g5 19.Bxg7 Kxg7 20.Ne5 Nb8 21.f3 Nf6 22.Qd2 Qh5 23.Qd4 Ba6
24.Nc3 f4 25.a4 Bb7 26.b4 Nbd7 27.b5 Nxe5 28.Qxe5 Qg6 29.Qxe7+ Qf7 30.Qe5 h6
31.gxf4 Rfe8 32.Qd4 gxf4 33.Qxf4 Nh5 34.Qxf7+ Kxf7 35.Rd4 Re3 36.Rc1 Kf6
37.Kf2 Re5 38.a5 cxb5 39.c6 Ba6 40.c7 Rc8 41.Nxd5+ Kg7 42.e4 b4 43.Rxb4  1-0

[Event "Bled op18th"]
[Site "Bled"]
[Date "1997.??.??"]
[Round "5"]
[White "Osterman, Rudolf"]
[Black "Zelic, Mladen"]
[Result "0-1"]
[WhiteElo "2410"]
[BlackElo "2275"]

1.d4 f5 2.g3 Nf6 3.Bg2 g6 4.Nf3 Bg7 5.O-O O-O 6.c4 d6 7.Nc3 Nc6 8.d5 Ne5
9.Nxe5 dxe5 10.c5 e6 11.e4 exd5 12.exd5 Nd7 13.c6 Nb6 14.Qb3 Kh8 15.a4 bxc6
16.dxc6 Qe7 17.a5 Be6 18.Qc2 Nc8 19.Nd5 Qf7 20.Qc5 Rd8 21.Nc3 Rb8 22.Re1 e4
23.Bg5 Bd4 24.Qa3 Rd6 25.Rad1 Qg7 26.Bf4 Be5 27.Bxe5 Qxe5 28.Bf1 Bb3 29.Rc1 Ne7
30.Nb5 Rxb5 31.Bxb5 Qxb5 32.Rc3 Bf7 33.Rec1 Kg7 34.b4 Nxc6 35.Qb2 Qxb4 36.Qxb4 Nxb4
37.Rxc7 Ra6 38.R1c5 Nd3 39.Rb5 Kf6 40.Rbb7 Ne5 41.Rxa7 Rd6 42.Rc1 Rd2 43.Rac7 e3
44.fxe3 Nf3+ 45.Kf1 Nxh2+ 46.Ke1 Nf3+ 47.Kf1 Be8 48.Rb1 Ba4 49.a6 Bc2 50.Rb6+ Kg5
51.Rc3 Kg4  0-1

[Event "Bled op18th"]
[Site "Bled"]
[Date "1997.??.??"]
[Round "7"]
[White "Kozul, Zdenko"]
[Black "Zelic, Mladen"]
[Result "1/2-1/2"]
[WhiteElo "2590"]
[BlackElo "2275"]

1.d4 f5 2.g3 Nf6 3.Bg2 g6 4.Nf3 Bg7 5.O-O O-O 6.c4 d6 7.Nc3 Nc6 8.d5 Ne5
9.Nxe5 dxe5 10.b3 e4 11.Ba3 Rf7 12.Rc1 e6 13.Rc2 exd5 14.cxd5 b6 15.f3 exf3
16.Bxf3 Bb7 17.Nb5 Nxd5 18.Rd2 Rd7 19.Nxc7 Qxc7 20.Bxd5+ Bxd5 21.Rxd5 Rad8
22.Rxd7 Rxd7 23.Qc1 Bd4+ 24.e3 Qxc1 25.Bxc1 Bc5 26.Kf2 Kf7 27.Ke2 Ke6 28.Bd2 Bd6
29.Bc3 Rc7 30.Kd3 Kd5 31.a4 Be5 32.Bd2 a6 33.Re1 Rb7 34.e4+ fxe4+ 35.Rxe4 b5
36.axb5 Rxb5 37.b4 a5 38.Rh4 axb4 39.Rxb4  1/2-1/2

[Event "Clarin GP1 Boca Juniors"]
[Site "Boca"]
[Date "1997.??.??"]
[Round "8"]
[White "Minzer, Claudio Javier"]
[Black "Rodriguez, Andres"]
[Result "1/2-1/2"]
[WhiteElo "2430"]
[BlackElo "2565"]

1.Nf3 f5 2.d4 Nf6 3.g3 g6 4.Bg2 Bg7 5.O-O O-O 6.c4 d6 7.Nc3 Nc6 8.d5 Na5
9.Qa4 b6 10.Qc2 Nxc4 11.Nb5 a6 12.Nbd4 b5 13.Ng5 e5 14.Nde6 Qe7 15.Nxf8 Kxf8
16.a4 h6 17.Nf3 Bb7 18.axb5 axb5 19.Rxa8+ Bxa8 20.Nh4 Qf7 21.Qb3 e4 22.Qxb5 Bxd5  1/2-1/2

[Event "Clarin GP1 Boca Juniors"]
[Site "Boca"]
[Date "1997.??.??"]
[Round "9"]
[White "Fiorito, Fabian"]
[Black "Rodriguez, Andres"]
[Result "0-1"]
[WhiteElo "2470"]
[BlackElo "2565"]

1.Nf3 f5 2.g3 Nf6 3.Bg2 g6 4.O-O Bg7 5.d4 O-O 6.c4 d6 7.Nc3 Nc6 8.d5 Na5
9.Qa4 c5 10.dxc6 Nxc6 11.Rd1 Bd7 12.c5 dxc5 13.Qc4+ Kh8 14.Qxc5 Rc8 15.Qa3 Qe8
16.Bg5 Be6 17.Rac1 Bg8 18.h3 e5 19.Bxf6 Rxf6 20.e4 Bh6 21.Rb1 Bf8 22.Qa4 a6
23.Nd5 Rd6 24.Nc3 b5 25.Qxa6 Nd4 26.Qa5 b4 27.Nxd4 bxc3 28.bxc3 exd4 29.e5 Qd8
30.Qb5 Bc4 31.Qb7 Rd7 32.Qf3 Bd5 33.Qd3 dxc3 34.Rbc1 Be6 35.Qc2 Rxd1+ 36.Rxd1 Qxd1+
37.Qxd1 c2 38.Bc6  0-1

[Event "Budapest FS04 GM"]
[Site "Budapest"]
[Date "1997.??.??"]
[Round "1"]
[White "Stocek, Jiri"]
[Black "Agrest, Evgenij"]
[Result "1/2-1/2"]
[WhiteElo "2450"]
[BlackElo "2460"]

1.d4 f5 2.Nf3 Nf6 3.g3 g6 4.Bg2 Bg7 5.O-O O-O 6.c4 d6 7.Nc3 c6 8.b4 e5 9.dxe5 dxe5
10.e4 Be6 11.Qb3 b5 12.Rd1 Qe8 13.Bf1 h6 14.exf5 gxf5 15.Nxe5 Nfd7 16.Nxd7 Nxd7
17.Bf4 Nb6 18.Rd6 Bxc4 19.Bxc4+ bxc4 20.Qc2 Rd8 21.Rad1 Rxd6 22.Bxd6 Rf7
23.Bc5 Qe6 24.Ne2 Rd7 25.Rxd7 Qxd7 26.Kf1 Qd5 27.Nf4 Qe4 28.Qxe4 fxe4 29.Ke2 Be5
30.Ke3 Bxf4+ 31.gxf4 Nd5+ 32.Kxe4 a6 33.Kd4 c3 34.Kd3 Kf7 35.a3 Ke6 36.Be3 Kf5
37.h3 h5 38.Bc1 Ke6 39.Ke4 Kd6 40.Kd4 Ke6 41.Kc5 Kd7 42.f5 c2 43.Kd4 Kd6
44.f3 Ke7 45.Bg5+ Kd6 46.Bd2 Ke7 47.Bg5+ Kd6 48.h4 Ne7 49.Ke4 Nd5 50.Kd3 Ke5
51.Kxc2 Kxf5 52.Kb3 Nc7 53.Bc1 Ne6 54.Be3 Nc7 55.Ka4 Nb5 56.Bg5 Ke6 57.Bc1 Nd4
58.Ka5 Nb3+ 59.Kxa6 Nxc1 60.Kb6 Kd7 61.f4 Ne2 62.f5 Nd4 63.f6 Nc2 64.f7 Ke7
65.Kxc6 Nxa3 66.b5 Kxf7 67.b6 Nc4 68.b7 Na5+ 69.Kb6 Nxb7 70.Kxb7  1/2-1/2

[Event "Budapest FS04 GM"]
[Site "Budapest"]
[Date "1997.??.??"]
[Round "4"]
[White "Vadasz, Laszlo"]
[Black "Hoang Than Trang"]
[Result "1-0"]
[WhiteElo "2365"]
[BlackElo "2355"]

1.Nf3 f5 2.d4 Nf6 3.g3 g6 4.Bg2 Bg7 5.O-O O-O 6.c4 d6 7.Nc3 Qe8 8.Re1 Qf7
9.Qd3 h6 10.b3 Nc6 11.Ba3 g5 12.d5 Ne5 13.Nxe5 dxe5 14.Rac1 Re8 15.Nb5 e4
16.Qc2 e6 17.d6 Rd8 18.Nxc7 Rb8 19.f3 exf3 20.exf3 Ne8 21.Nxe8 Qxe8 22.c5 Bd7
23.Bb2 Bxb2 24.Qxb2 Kf7 25.Re5 b6 26.Rce1 Qh8 27.Qd2 bxc5 28.Rxc5 Rb6 29.f4 Qf6
30.Rc7 a6 31.Rd1 Ke8 32.Bf3 g4 33.Bg2 Rdb8 34.Qe3 Qb2 35.Qc5 Qg7 36.Bc6  1-0

[Event "Budapest FS03 IM-A"]
[Site "Budapest"]
[Date "1997.??.??"]
[Round "4"]
[White "Vadasz, Laszlo"]
[Black "Somlai, Laszlo"]
[Result "1/2-1/2"]
[WhiteElo "2365"]
[BlackElo "2360"]

1.Nf3 f5 2.d4 Nf6 3.g3 g6 4.Bg2 Bg7 5.O-O O-O 6.c4 d6 7.Nc3 Qe8 8.Re1 Qf7
9.Qd3 Nc6 10.Ng5 Qe8 11.Nf3 Qf7 12.Ng5 Qe8 13.Nf3  1/2-1/2

[Event "Budapest FS02 IM-B"]
[Site "Budapest"]
[Date "1997.??.??"]
[Round "7"]
[White "Kerek, Csaba"]
[Black "Antal, Gergely"]
[Result "1/2-1/2"]
[WhiteElo "2200"]
[BlackElo "2220"]

1.c4 f5 2.d4 Nf6 3.Nf3 g6 4.g3 Bg7 5.Bg2 O-O 6.O-O d6 7.Nc3 Qe8 8.d5 a5 9.Ne1 Na6
10.Nd3 Rb8 11.Re1 e5 12.dxe6 Bxe6 13.e4 Qd7 14.e5 dxe5 15.Nxe5 Qxd1 16.Rxd1 Ne4
17.Bxe4 Bxe5 18.Bd5 Bxd5 19.Rxd5 Rfe8 20.Bg5 b6 21.Re1 Bxc3 22.Rxe8+ Rxe8
23.bxc3 Nc5 24.Be3 Ne4 25.Rd7 c5 26.Rd3 Kf7 27.f3 Nd6 28.Rxd6 Rxe3 29.Rxb6 Rxc3
30.Rb5 Rc1+ 31.Kf2 Rc2+ 32.Ke3 Rxa2 33.Rxc5 Ke6 34.h4 a4 35.Kf4 a3 36.Ra5 Rc2
37.Rxa3 Rxc4+ 38.Kg5 Rc7 39.Ra6+ Ke5 40.Ra5+ Ke6 41.Ra3 Ke5 42.Re3+ Kd4 43.Re8 Rc3
44.Kf4 Kd5 45.Re7 h6 46.Rh7 Rc4+ 47.Ke3 Rc3+ 48.Ke2 h5 49.Re7 Ra3 50.Kf2 Ra2+
51.Ke3 Ra4 52.Rg7 f4+ 53.gxf4 Ra3+ 54.Kf2 Ke6 55.Rxg6+ Kf5 56.Rg8 Kxf4 57.Rf8+ Ke5
58.Rh8 Kf5 59.Kg3 Kg6 60.Rg8+ Kh6 61.Re8 Ra6 62.Kf4 Rb6 63.Kf5 Rb5+ 64.Re5 Rb1
65.Ra5 Rb2 66.Ra6+ Kg7 67.f4 Rg2 68.Ra7+ Kh6 69.Kf6 Rg6+ 70.Ke5 Rg4 71.f5 Rxh4
72.f6 Rh1 73.Ke6 h4 74.Ra8 Re1+ 75.Kf7 Kg5 76.Kg7 Rf1 77.f7 Kg4 78.Ra6 Rxf7+
79.Kxf7 h3 80.Kg6 Kg3 81.Kg5 h2 82.Ra1 Kg2 83.Ra2+ Kg1 84.Kg4 h1=Q 85.Ra1+ Kh2
86.Rxh1+ Kxh1  1/2-1/2

[Event "Budapest FS06 GM"]
[Site "Budapest"]
[Date "1997.??.??"]
[Round "7"]
[White "Vadasz, Laszlo"]
[Black "Hoang Than Trang"]
[Result "1-0"]
[WhiteElo "2365"]
[BlackElo "2355"]

1.Nf3 f5 2.d4 Nf6 3.g3 g6 4.Bg2 Bg7 5.O-O O-O 6.c4 d6 7.Nc3 Qe8 8.Re1 Qf7
9.Qd3 h6 10.b3 Nc6 11.Ba3 Ne4 12.Rac1 Nxc3 13.Rxc3 Bd7 14.Rcc1 e6 15.d5 Nd8
16.e4 fxe4 17.Qxe4 b6 18.Rf1 Re8 19.Nd4 exd5 20.Qxd5 Rc8 21.Rfe1 Kh7 22.Rxe8 Qxe8
23.Nf3 Bc6 24.Qd3 Nf7 25.Re1 Qd7 26.Nh4 Nh8 27.Bxc6 Qxc6 28.Re6 Re8 29.Nxg6 Rxe6
30.Ne5+  1-0

[Event "Honved-B"]
[Site "Budapest"]
[Date "1997.??.??"]
[Round "8"]
[White "Danner, Georg"]
[Black "Hoang Than Trang"]
[Result "0-1"]
[WhiteElo "2430"]
[BlackElo "2355"]

1.d4 f5 2.g3 Nf6 3.Bg2 g6 4.Nf3 Bg7 5.O-O O-O 6.c4 d6 7.Nc3 Qe8 8.b3 e5 9.dxe5 dxe5
10.e4 Nc6 11.Re1 fxe4 12.Nxe4 Nxe4 13.Qd5+ Qf7 14.Qxe4 Nd4 15.Ng5 Qxf2+ 16.Kh1 Bf5
17.Qd5+ Be6 18.Be3 Qxe1+ 19.Rxe1 Bxd5 20.Bxd5+ Kh8 21.Nf7+ Rxf7 22.Bxf7 c6
23.Kg2 Nf5 24.Bf2 Rd8 25.Bxa7 Ra8 26.Bg1 Rxa2+ 27.Kf3 Rd2 28.Be6 Bf6 29.c5 Kg7
30.Re4 Nd4+ 31.Bxd4 exd4 32.Re2 Rd1 33.Bc4 d3 34.Re6 Bd4 35.Rd6 Rf1+ 36.Ke4 d2
37.Be2 Bxc5 38.Rxd2 Rf2 39.Rd7+ Kh6 40.Bc4 Rxh2 41.Rxb7 Rg2 42.Bg8 Rxg3 43.Rxh7+ Kg5
44.Rc7 Re3+  0-1

[Event "Budapest FS02 IM-B"]
[Site "Budapest"]
[Date "1997.??.??"]
[Round "9"]
[White "Kerek, Csaba"]
[Black "Szeberenyi, Adam"]
[Result "1-0"]
[WhiteElo "2200"]
[BlackElo "2225"]

1.d4 f5 2.c4 Nf6 3.Nf3 g6 4.g3 Bg7 5.Bg2 O-O 6.O-O d6 7.Nc3 Qe8 8.d5 Na6
9.Rb1 c5 10.b3 Bd7 11.Bb2 Nc7 12.e4 fxe4 13.Ng5 Bf5 14.Ngxe4 b5 15.Nxf6+ Bxf6
16.Ne4 Bxb2 17.Rxb2 Bxe4 18.Bxe4 Rb8 19.Re2 Qf7 20.Rfe1 bxc4 21.bxc4 Rb7
22.h4 Ne8 23.Qc2 Ng7 24.Bd3 Rfb8 25.Qd2 Qf6 26.Bc2 Rb2 27.Qa5 R8b7 28.Qd8+ Qf8
29.Qa5 R2b4 30.Bd3 Nh5 31.Qa3 Nf6 32.Qc3 Ng4 33.h5 Ne5 34.Rxe5 dxe5 35.hxg6 hxg6
36.Qxe5 Rb2 37.Qe6+ Qf7 38.Qc8+ Kg7 39.Qxc5 Rxa2 40.Re6 Ra1+ 41.Kg2 Rb3 42.Qd4+ Kg8
43.Rc6 Qg7 44.Qf4 Qf7 45.Qh6 Qg7 46.Rc8+ Kf7 47.Bxg6+  1-0

[Event "Budapest FS06 GM"]
[Site "Budapest"]
[Date "1997.??.??"]
[Round "9"]
[White "Krizsany, Laszlo"]
[Black "Hoang Than Trang"]
[Result "1/2-1/2"]
[WhiteElo "2435"]
[BlackElo "2355"]

1.d4 f5 2.g3 Nf6 3.Bg2 g6 4.Nf3 Bg7 5.O-O O-O 6.c4 d6 7.Nc3 Qe8 8.d5 a5 9.Be3 Na6
10.Qd2 Bd7 11.Bh6 Qf7 12.Bxg7 Qxg7 13.Nd4 Nc5 14.Rfe1 Rae8 15.e4 fxe4 16.Nxe4 Nfxe4
17.Bxe4 Kh8 18.Re3 e5 19.dxe6 Bxe6 20.Bxb7 Bxc4 21.Rxe8 Rxe8 22.Bc6 Re7 23.Qc3 Bf7
24.Rd1 a4 25.a3 Qe5 26.h4 Kg8 27.Bg2 Re8 28.Qa5 Nd3 29.Qc3 Nc5 30.Kh2 Bb3
31.Rd2 Bf7 32.Rd1 Bb3 33.Rd2 Bf7 34.Bc6 Rb8 35.Re2 Qf6 36.Nb5 Qxc3 37.Nxc3 Bc4
38.Rd2 Bb3 39.Rd4 Rb6 40.Bb5 d5 41.Be2 Ne6 42.Rd2 d4 43.Ne4 c5 44.Bg4 Rc6
45.f4 Kg7 46.Ng5 Nxg5 47.hxg5 Rd6 48.Kg2 h6 49.gxh6+ Kxh6 50.Kf3 Bd5+ 51.Kf2 Bb3
52.Bf3 Kg7 53.Ke1 Kf6 54.Re2 c4 55.Kd2 Rd7 56.Re1 Ba2 57.Kc2 Bb3+ 58.Kd2 Ba2
59.Kc2 Bb3+  1/2-1/2

[Event "Campobasso op"]
[Site "Campobasso"]
[Date "1997.??.??"]
[Round "?"]
[White "Ficco, Corrado"]
[Black "Passerotti, Pierluigi"]
[Result "1/2-1/2"]
[WhiteElo "2105"]
[BlackElo "2300"]

1.c4 f5 2.Nf3 Nf6 3.g3 g6 4.Bg2 Bg7 5.O-O O-O 6.d4 d6 7.Nc3 c6 8.d5 e5 9.dxe6 Bxe6
10.Qb3 Qe7 11.Ng5 Bc8 12.Bf4 Rd8 13.c5+ d5 14.Bd6 Rxd6 15.cxd6 Qxd6 16.e4 fxe4
17.Ncxe4 Nxe4 18.Nxe4 Qf8 19.Rfe1 Na6 20.Rad1 Nc7 21.f4 Ne6 22.Nf2 Nc5 23.Qa3  1/2-1/2

[Event "Wch U12"]
[Site "Cannes"]
[Date "1997.??.??"]
[Round "7"]
[White "Riazantsev, Alexander"]
[Black "Bartel, Mateusz"]
[Result "1/2-1/2"]
[WhiteElo "2330"]
[BlackElo "2135"]

1.d4 f5 2.Nf3 Nf6 3.g3 g6 4.Bg2 Bg7 5.O-O O-O 6.c4 d6 7.Nc3 Nc6 8.d5 Na5
9.Qd3 e5 10.dxe6 Bxe6 11.b3 Nc6 12.Ng5 Bd7 13.Bb2 h6 14.Nf3 Ne4 15.Rac1 Nb4
16.Qb1 Bxc3 17.Bxc3 Nxc3 18.Rxc3 Qf6 19.Rcc1 Rae8 20.e3 Bc6 21.Nd4 Be4 22.Qa1 Nd3
23.Rcd1 Ne5 24.f3 Bc6 25.Nxc6 Nxc6 26.Qxf6 Rxf6 27.Kf2 Ne5 28.h3 b6 29.f4 Nd7
30.Bc6 Re7 31.b4 Kg7 32.Rfe1 Rf8 33.e4 Nb8 34.Ba4 fxe4 35.Rd4 Na6 36.a3 c5
37.Rxd6 cxb4 38.Bb5 Nc7 39.axb4 Nxb5 40.cxb5 g5 41.Ke3 Rf5 42.Red1 gxf4+
43.gxf4 Rxb5 44.Rd7 Kf7 45.Rxe7+ Kxe7 46.Rd4 Rh5 47.Kxe4 Rxh3  1/2-1/2

[Event "Cappelle op"]
[Site "Cappelle la Grande"]
[Date "1997.??.??"]
[Round "4"]
[White "Sula, Zegir"]
[Black "McDonald, Neil R"]
[Result "0-1"]
[WhiteElo "2345"]
[BlackElo "2490"]

1.d4 f5 2.c4 Nf6 3.Nf3 g6 4.g3 Bg7 5.Bg2 O-O 6.O-O d6 7.b3 c6 8.Bb2 d5 9.Nbd2 Kh8
10.e3 Be6 11.Qc2 Nbd7 12.a3 Bg8 13.c5 Ne4 14.b4 Qc7 15.Nb3 g5 16.Ne1 f4 17.f3 Nef6
18.exf4 gxf4 19.g4 e5 20.g5 Nh5 21.Nd3 Qd8 22.dxe5 Qxg5 23.Rae1 Rfe8 24.Re2 Nf8
25.Rfe1 Ne6 26.Nd4 Nxd4 27.Bxd4 Be6 28.Nf2 Rg8 29.h3 Ng3 30.Ng4 Bxg4 31.hxg4 Nxe2+
32.Rxe2 Rae8 33.Qf5 h6 34.Bf1 Qxf5 35.gxf5 Bxe5+  0-1

[Event "Ceske Budejovice op"]
[Site "Ceske Budejovice"]
[Date "1997.??.??"]
[Round "5"]
[White "Marsalek, Zdenek"]
[Black "Potapov, Alexander"]
[Result "0-1"]
[WhiteElo "2240"]
[BlackElo "2490"]

1.d4 f5 2.g3 Nf6 3.Bg2 g6 4.Nf3 Bg7 5.O-O O-O 6.c4 d6 7.Nc3 Qe8 8.b3 e5 9.dxe5 dxe5
10.e4 Nc6 11.exf5 Bxf5 12.Ba3 Rf7 13.Ng5 Rd7 14.Qc1 Nd4 15.Bc5 h6 16.Nf3 Nc2
17.Rb1 Bd3 18.Rd1 e4 19.Nh4 Qe5 20.Na4 g5 21.f4 gxf4 22.Ng6 Qf5 23.Nxf4 Rad8
24.Bh3 Ng4 25.Rd2 b6 26.Qd1 h5 27.Nxh5 Qxh5 28.Bxg4 Qg6 29.Bxd7 Rxd7 30.Rxc2 bxc5
31.Nb2 Bd4+ 32.Kh1 Bxc2 33.Qxc2 Rf7 34.Re1 Rf2 35.Qxe4 Qxe4+ 36.Rxe4 Rxb2
37.Re7 Rxa2 38.Rxc7 a5 39.Rb7 Rb2 40.Rb5 Kf7  0-1

[Event "Ceske Budejovice op"]
[Site "Ceske Budejovice"]
[Date "1997.??.??"]
[Round "9"]
[White "Marsalek, Zdenek"]
[Black "Todor, Razvan"]
[Result "1-0"]
[WhiteElo "2240"]
[BlackElo "2170"]

1.d4 f5 2.Nf3 g6 3.g3 Bg7 4.Bg2 Nf6 5.O-O O-O 6.c4 d6 7.Nc3 Qe8 8.d5 a5 9.Nd4 Na6
10.Bg5 h6 11.Bxf6 Bxf6 12.Qd2 Bg7 13.f4 Bd7 14.e4 c6 15.exf5 gxf5 16.Rae1 Nc7
17.Re3 c5 18.Nc2 b5 19.b3 b4 20.Nd1 a4 21.Qd3 axb3 22.axb3 Rb8 23.Qe2 Bf6
24.Bf3 Qf7 25.Re1 Na8 26.Kh1 Nb6 27.Bh5 Qg7 28.Qd3 Qh7 29.R3e2 Be8 30.Bxe8 Rfxe8
31.Nce3 Kf8 32.Nxf5 Ra8 33.g4 Ra3 34.Qh3 Nxc4 35.Nxh6 Nb6 36.g5 Bg7 37.Qe6 Bxh6
38.gxh6 Rxb3 39.Rg2 Qf7 40.Reg1  1-0

[Event "Cherepovets"]
[Site "Cherepovets"]
[Date "1997.??.??"]
[Round "4"]
[White "Zhuravlev, Vladimir"]
[Black "Popov, Valerij"]
[Result "0-1"]
[WhiteElo "2350"]
[BlackElo "2430"]

1.d4 f5 2.g3 Nf6 3.Bg2 g6 4.c4 Bg7 5.Nf3 O-O 6.O-O d6 7.d5 c5 8.Nc3 Na6 9.Qb3 h6
10.e4 fxe4 11.Nd2 e3 12.fxe3 g5 13.Nde4 Nb8 14.Bd2 Nbd7 15.Nxf6+ Nxf6 16.Qc2 Bd7
17.a4 Qe8 18.Ne4 Ng4 19.Rxf8+ Qxf8 20.Rf1 Qe8 21.b3 b6 22.Nf2 Ne5 23.Bc3 Qh5
24.Bxe5 Bxe5 25.Nd3 Qg6 26.Qe2 Bg7 27.g4 a6 28.Nf2 Rf8 29.Ne4 Rxf1+ 30.Kxf1 Be5
31.Kg1 Kg7 32.h3 Qe8 33.Nd2 b5 34.axb5 axb5 35.Be4 Qa8 36.Bc2 bxc4 37.bxc4 Qa1+
38.Kg2 Kf8 39.Ne4 Ke8 40.Qd3 Kd8 41.Qd2 Kc7 42.Qd3 h5 43.Nf2 h4 44.Qe2 e6
45.dxe6 Bxe6 46.Bf5 Bf7 47.Bd3 Be8 48.Be4 Bg3 49.Bd5 Bg6 50.Ne4 Qe5 51.Kf3 Bxe4+
52.Bxe4 Qa1 53.Kg2 Kd8 54.Bd3 Qc3 55.Bf5 Be1 56.Qa2 Bg3 57.Qa8+ Ke7 58.Qe4+ Kf8
59.Qa8+ Kg7 60.Qa7+ Kf6 61.Qh7 Qd2+ 62.Kf3 Qd1+ 63.Ke4 Qh1+ 64.Kd3 Qf1+ 65.Kc3 Qe1+
66.Kc2 Qe2+ 67.Kb1 Qd1+ 68.Ka2 Qa4+ 69.Kb1 Qb3+ 70.Kc1 Qxc4+ 71.Kd2 Qb4+
72.Kc2 Qa4+ 73.Kd2 Qa5+ 74.Kd3 Qb5+ 75.Kd2 Qb2+ 76.Bc2 Qb4+ 77.Ke2 Qe1+ 78.Kd3 Qf1+
79.Kc3 Be5+ 80.Kb3 Qb5+  0-1

[Event "KS Sommerskak op"]
[Site "Copenhagen"]
[Date "1997.??.??"]
[Round "?"]
[White "Ostergaard, Rasmus"]
[Black "Hartung Nielsen, Jens"]
[Result "0-1"]
[WhiteElo "2180"]
[BlackElo "2245"]

1.c4 f5 2.d4 Nf6 3.g3 g6 4.Bg2 Bg7 5.Nf3 O-O 6.O-O c6 7.Nc3 Ne4 8.Qb3 Nxc3
9.Qxc3 d6 10.b3 Nd7 11.Bb2 e5 12.dxe5 dxe5 13.Rad1 Qe7 14.Qd2 Re8 15.e4 fxe4
16.Ng5 Bh6 17.h4 Nf6 18.Qd6 Bf5 19.Rfe1 e3 20.f3 Qxd6 21.Rxd6 Nd7 22.Bc1 Bf8
23.Rdd1 Bb4 24.Re2 Nc5 25.Bxe3 Rad8 26.Rxd8 Rxd8 27.Bf2 Rd1+ 28.Kh2 Nd7 29.Ne4 a5
30.g4 Bxe4 31.fxe4 Bc5 32.Be1 Bb4 33.Bg3 Kf7 34.g5 Bc3 35.Bh3 Nc5 36.Bg4 Ra1
37.Kh3 Ke7 38.h5 Bd4 39.h6 Nd3 40.Rd2 Nc5 41.Re2 Rh1+ 42.Kg2 Rg1+ 43.Kh3 Rb1
44.Bf5 Kf7 45.Bc8 b6 46.Be1 Nd3 47.Bg3 Rh1+ 48.Kg2 Ra1 49.Bd7 Nc1 50.Rc2 c5
51.Kf3 Nxa2 52.Kg4 Nb4 53.Rd2 Rc1 54.Ba4 Nc2 55.Rd3 Ne3+ 56.Kf3 Nd1 57.Kg4 Ne3+
58.Kf3 Nc2 59.Kg4 Ke7 60.Rd2 Ne3+ 61.Kf3 Rc3 62.Kf2 Nf5+ 63.Rxd4 Nxd4 64.Bxe5 Ke6
65.Bf6 Rf3+ 66.Kg2 Re3 67.e5 Rxe5 68.Be8 Rf5 69.Bxg6 Rxf6 70.gxf6 Kxf6 71.Bxh7 Kg5
72.Bc2 Kxh6 73.Bd1 Kg5 74.Kg3 Kf5 75.Kf2 Ke4 76.Kg3 Kd3 77.Kf4 Kd2 78.Bg4 Nxb3
79.Ke5 Kc3 80.Kd5 a4 81.Kc6 a3 82.Kxb6 a2 83.Bd1 Kxc4 84.Bxb3+ Kxb3 85.Kxc5 a1=Q
86.Kd5 Qa4 87.Kc5 Qc4+ 88.Kd6 Qb5 89.Ke6 Kc4 90.Kf6 Kd4 91.Kg6 Ke4 92.Kh6 Kf4
93.Kg6 Qf5+ 94.Kg7 Kg5 95.Kg8 Qd7 96.Kf8 Kf6 97.Kg8 Qg7+  0-1

[Event "KS Sommerskak op"]
[Site "Copenhagen"]
[Date "1997.??.??"]
[Round "?"]
[White "Christensen, Tobias"]
[Black "Strange, Mikkel"]
[Result "1-0"]
[WhiteElo "2395"]
[BlackElo "2245"]

1.d4 f5 2.Nf3 Nf6 3.c4 g6 4.g3 Bg7 5.Bg2 O-O 6.O-O d6 7.Nc3 c6 8.Qc2 Na6
9.a3 Qe8 10.e4 e5 11.dxe5 dxe5 12.b4 f4 13.Bb2 g5 14.Nxg5 Qh5 15.Nf3 Bg4
16.Nh4 f3 17.Bh1 Nc7 18.h3 Bxh3 19.Bxf3 Ng4 20.Rfe1 Ne6 21.Nd1 Bf6 22.Nf5 Ng5
23.Bh1 Rad8 24.f3 Nh6 25.Nxh6+ Qxh6 26.Ne3 Kh8 27.Rad1 Rxd1 28.Qxd1 Be6 29.Bg2 Nh3+
30.Kf1 Bg5 31.Nf5 Bxf5 32.exf5 Rxf5 33.Rxe5 Rxe5 34.Bxe5+ Bf6 35.Qd8+  1-0

[Event "Costa Rica-ch"]
[Site "Costa Rica"]
[Date "1997.??.??"]
[Round "18"]
[White "Minero Pineda, Sergio"]
[Black "Hernandez, Francisco"]
[Result "1-0"]
[WhiteElo "2315"]
[BlackElo "2235"]

1.Nf3 f5 2.d4 Nf6 3.g3 g6 4.Bg2 Bg7 5.O-O O-O 6.c4 d6 7.Nc3 Nc6 8.d5 Ne5
9.Nxe5 dxe5 10.e4 f4 11.b4 g5 12.c5 g4 13.Re1 h5 14.Bd2 h4 15.gxf4 exf4 16.e5 Nh5
17.h3 f3 18.hxg4 Bxg4 19.Re4 Bf5 20.Rxh4 fxg2 21.Rxh5 e6 22.Bh6 Bxh6 23.Rxh6 Qg5
24.Qh5 Qxh5 25.Rxh5 Kg7 26.d6 c6 27.Rg5+ Kf7 28.Kxg2 Rg8 29.Rg3 Rxg3+ 30.fxg3 Rg8
31.Rd1 Ke8 32.Rd4 Rg5 33.Ne4  1-0

[Event "Costa Rica-ch"]
[Site "Costa Rica"]
[Date "1997.??.??"]
[Round "19"]
[White "Minero, Boris P"]
[Black "Gonzalez, Bernal M"]
[Result "1/2-1/2"]
[WhiteElo "2100"]
[BlackElo "2385"]

1.Nf3 g6 2.g3 Bg7 3.d4 f5 4.c4 Nf6 5.Bg2 O-O 6.O-O d6 7.Nc3 Nc6 8.d5 Ne5
9.Nxe5 dxe5 10.e4 f4 11.b4 g5 12.Re1 Bd7 13.c5 Qe8 14.Qd3 Qh5 15.Qe2 f3 16.Bxf3 Bg4
17.Bxg4 Nxg4 18.f3 Rxf3 19.Nd1 Rf2 20.Qxf2 Nxf2 21.Nxf2 Rf8 22.Be3 Rf6 23.a4 Rh6
24.h3 Qf3 25.Kh2 Rf6 26.Ra2 Rf7 27.Bxg5 Qb3 28.Ree2 Qxb4 29.c6 bxc6 30.dxc6 Rf3
31.Ng4 Qc4 32.Rad2 Qxc6 33.Bxe7 h5 34.Rd8+ Kh7 35.Nf2 Qg6 36.Bh4 Bf6 37.Rf8 Kg7
38.Rxf6 Rxf6 39.Bxf6+ Qxf6 40.Kg2 c5 41.Rc2 Qc6 42.Rc4 Qb6 43.h4 a5 44.g4 hxg4
45.Nxg4 Qb2+ 46.Kf3 Qa3+ 47.Ne3 Kh6 48.Ke2 Kh5 49.Nc2 Qa2 50.Rxc5 Kxh4 51.Kd2 Qxa4
52.Rxe5 Kg3 53.Rd5 Kf3 54.Rd3+ Kf2 55.Re3 Qd7+ 56.Kc1 a4 57.e5 Qe6 58.Kd2 Qh6
59.Kd1 Qh5+ 60.Kc1 Qg5  1/2-1/2

[Event "CZE-chT2 9697"]
[Site "CZE"]
[Date "1997.??.??"]
[Round "?"]
[White "Tichy, Vladimir"]
[Black "Krouzel, Jaroslav"]
[Result "0-1"]
[WhiteElo "2360"]
[BlackElo "2285"]

1.d4 f5 2.Nf3 Nf6 3.c4 g6 4.g3 Bg7 5.Bg2 O-O 6.O-O d6 7.Nc3 Nc6 8.d5 Ne5
9.Nd2 c5 10.f4 Neg4 11.Nb3 a6 12.a4 Bd7 13.a5 b5 14.axb6 Qxb6 15.h3 Nh6 16.e4 Nxe4
17.Nxe4 fxe4 18.g4 Qb4 19.Na5 Bxb2 20.Bxb2 Qxb2 21.Bxe4 Kh8 22.Qd3 Rab8 23.Bg2 Rxf4
24.Qe3 Rxf1+ 25.Rxf1 Qd4 26.Qxd4+ cxd4 27.Rd1 Nf7 28.Nc6 Bxc6 29.dxc6 Ne5
30.Ra1 d3 31.Kf2 Nxc4 32.Rxa6 d2 33.Bf3 Ne5 34.Bd1 Rc8 35.Ba4 Nxc6  0-1